All Michigan Cities By Letter - N - Statistics

General Stats
  • This quiz has been taken 9 times
  • The average score is 11 of 18
Answer Stats
Population County City/Village % Correct
2,067 Newaygo Newaygo
100%
60,896 Oakland Novi
100%
12,347 Macomb New Baltimore
75%
11,149 Berrien/Cass Niles
75%
5,958 Oakland/Wayne Northville
75%
24,664 Muskegon Norton Shores
75%
1,684 Barry Nashville
50%
4,525 Marquette Negaunee
50%
1,397 Luce Newberry
50%
1,868 Berrien New Buffalo
50%
440 Oceana New Era
50%
4,907 Macomb New Haven
50%
554 Shiawassee New Lothrop
50%
461 Hillsdale North Adams
50%
3,793 Muskegon North Muskegon
50%
2,748 Dickinson Norway
50%
1,006 Lapeer North Branch
25%
525 Leelanau Northport
25%
No matching quizzes found
Score Distribution
Percent of People with Each Score
Percentile by Number Answered
Your Score History
You have not taken this quiz